000 00622nam a22001577a 4500
003 MACL
005 20250801151230.0
008 250801b |||||||| |||| 00| 0 eng d
040 _cMACL
082 _a001
100 _a अरिहंत पब्लिकेशन
_983250
245 _aIAS PRELIMS Solved papers 2025-1995 31 years UPSC Poweplay GS Paper 1+ CSAT Paper 2 सामान्य अध्ययन पेपर 1 + CSAT पेपर 2
260 _a मेरठ (यू पी)
_bअरिहंत पब्लिकेशन
_c 2025
650 _a सामान्य
_982414
942 _2ddc
_cC. BOOKS
999 _c68095
_d68095